LEADER 01637nam 2200541 450 001 9910520076803321 005 20230529124541.0 010 $a981-16-5184-1 035 $a(MiAaPQ)EBC6842326 035 $a(Au-PeEL)EBL6842326 035 $a(CKB)20462234000041 035 $a(PPN)260307580 035 $a(EXLCZ)9920462234000041 100 $a20220908d2021 uy 0 101 0 $aeng 135 $aurcnu|||||||| 181 $ctxt$2rdacontent 182 $cc$2rdamedia 183 $acr$2rdacarrier 200 00$aBiophysics of insect flight /$fN. Chari, Prasad Mukkavilli, Laxminarayana Parayitam, editors 210 1$aSingapore :$cSpringer,$d[2021] 210 4$dŠ2021 215 $a1 online resource (215 pages) 225 1 $aSpringer Series in Biophysics ;$vVolume 22 311 08$aPrint version: Chari, N. Biophysics of Insect Flight Singapore : Springer Singapore Pte. Limited,c2022 9789811651830 410 0$aSpringer series in biophysics ;$vVolume 22. 606 $aAnimal mechanics 606 $aBiophysics 606 $aInsectes$2thub 606 $aVol animal$2thub 606 $aBiomecānica$2thub 608 $aLlibres electrōnics.$2thub 615 0$aAnimal mechanics. 615 0$aBiophysics. 615 7$aInsectes 615 7$aVol animal 615 7$aBiomecānica 676 $a591.1852 702 $aChari$b N. 702 $aMukkavilli$b Prasad 702 $aParayitam$b Laxminarayana 801 0$bMiAaPQ 801 1$bMiAaPQ 801 2$bMiAaPQ 906 $aBOOK 912 $a9910520076803321 996 $aBiophysics of Insect Flight$92584219 997 $aUNINA LEADER 01354nam a2200289|i 4500 001 991003593499707536 005 20021219124233.0 008 021105s2002 it u u itauu 035 $ab11836441-39ule_inst 035 $aLE02736413$9ExL 040 $aDip.to Studi Giuridici$bita 082 0 $a332.10945 110 2 $aBanca d'Italia$072164 245 10$aAssemblea generale ordinaria dei partecipanti :$btenuta in Roma il giorno 31 maggio 2002 :$banno 2002 centottesimo esercizio /$cBanca d'Italia 260 0 $aRoma :$bBanca d'Italia,$cstampa 2002 300 $a3 v. (437, 81 ;$c298, 139 ;$c39 p.) ;$c30 cm. 500 $aBozze di stampa 505 0 $aVol. 2: Appendice. - Vol. 3: Considerazioni finali 610 24$aBanca d'Italia - Assemblee 907 $a.b11836441$b21-09-06$c20-12-02 912 $a991003593499707536 945 $aLE027 332.10 BIT01.01 V.1$g1$iLE027-10964$lle027$o-$pE10.00$q-$rl$sm $t0$u0$v0$w0$x0$y.i12087804$z20-12-02 945 $aLE027 332.10 BIT01.01 V.2$cV. 2$g1$iLE027-10965$lle027$o-$pE10.00$q-$rl$sm $t0$u0$v0$w0$x0$y.i12087816$z20-12-02 945 $aLE027 332.10 BIT01.01 V.3$cV. 3$g1$iLE027-10966$lle027$o-$pE10.00$q-$rl$sm $t0$u0$v0$w0$x0$y.i12087828$z20-12-02 996 $aAssemblea Generale Ordinaria dei Partecipanti$9394483 997 $aUNISALENTO 998 $ale027$b01-01-02$cm$da $e-$fita$git $h0$i3